[Event "2. Bundesliga West 2012/13"]
[Site "Salzburg"]
[Date "2013.03.10"]
[Round "11"]
[Board "5"]
[White "Loeffler, Christoph"]
[Black "Jedinger, Andreas"]
[Result "0-1"]
[WhiteElo "2166"]
[BlackElo "2174"]
[PlyCount "78"]
[EventDate "2012.10.05"]
[EventType "team"]
[EventRounds "11"]
[EventCountry "AUT"]
[WhiteTeam "ASK 1"]
[BlackTeam "Rochade Rum"]

1. e4 e5 2. Nf3 Nc6 3. d4 exd4 4. Nxd4 Nf6 5. Nxc6 bxc6 6. e5 Qe7 
7. Qe2 Nd5 8. c4 Nb6 9. b3 a5 10. Ba3 Qh4 11. Bxf8 Kxf8 12. Nd2 Qd4 
13. Rd1 a4 14. Nf3 Qc3+ 15. Qd2 Qxd2+ 16. Rxd2 axb3 17. axb3 c5 18. Be2 Bb7 
19. O-O Ke7 20. Rfd1 Ra3 21. b4 cxb4 22. Nd4 Rha8 23. Nc2 Ra2 24. c5 Nd5 
25. Bc4 Rb2 26. Rxd5 Bxd5 27. Bxd5 c6 28. Be4 Ra5 29. Ne1 Rba2 30. Bb1 Ra1 
31. Nd3 R5a3 32. Rf1 Rxb1 33. Rxb1 Rxd3 34. Kf1 Rd4 35. g3 Ke6 36. f4 Kd5 
37. Rc1 b3 38. Ke2 b2 39. Rb1 Rb4 0-1

[Event "2. Bundesliga West 2012/13"]
[Site "Salzburg"]
[Date "2013.03.10"]
[Round "11"]
[Board "6"]
[White "Muehlbacher, Bernhard"]
[Black "Scheiblmaier, Robert"]
[Result "1/2-1/2"]
[WhiteElo "2068"]
[BlackElo "2135"]
[PlyCount "62"]
[EventDate "2012.10.05"]
[EventType "team"]
[EventRounds "11"]
[EventCountry "AUT"]
[WhiteTeam "Rochade Rum"]
[BlackTeam "ASK 1"]

1. c4 e6 2. g3 d5 3. Bg2 Nf6 4. Nf3 c5 5. cxd5 exd5 6. d4 Nc6 
7. O-O Be7 8. dxc5 Bxc5 9. Nc3 O-O 10. Bg5 d4 11. Ne4 Be7 12. Nxf6+ Bxf6 
13. Bxf6 Qxf6 14. Qb3 Bf5 15. Nh4 Rab8 16. Nxf5 Qxf5 17. Rad1 Qe6 18. Qa3 Qxe2 
19. Rfe1 Qb5 20. Bxc6 bxc6 21. Rxd4 Qxb2 22. Qxa7 Ra8 23. Qc5 Qxa2 24. Qxc6 h6 
25. Rde4 Qa6 26. Qc5 Qa5 27. Qd6 Qa3 28. Qf4 Qc3 29. R4e3 Qd2 30. Qf3 Rac8 
31. R3e2 Qc3 1/2-1/2

[Event "2. Bundesliga West 2012/13"]
[Site "Salzburg"]
[Date "2013.03.10"]
[Round "11"]
[Board "1"]
[White "Zelcic, Robert"]
[Black "Bayer, Bernhard"]
[Result "1-0"]
[WhiteElo "2554"]
[BlackElo "2449"]
[PlyCount "83"]
[EventDate "2012.10.05"]
[EventType "team"]
[EventRounds "11"]
[EventCountry "AUT"]
[WhiteTeam "Schwarzach"]
[BlackTeam "Schwaz"]

1. e4 e5 2. Nf3 Nc6 3. d4 exd4 4. Nxd4 Nf6 5. Nc3 Bb4 6. Nxc6 bxc6 
7. Bd3 d5 8. exd5 cxd5 9. O-O O-O 10. h3 h6 11. Qf3 c6 12. Bf4 Re8 
13. Rfe1 Be6 14. Rad1 Bd6 15. Ne2 Rb8 16. b3 c5 17. c4 d4 18. Ng3 Bxf4 
19. Qxf4 Qa5 20. Ne4 Nxe4 21. Qxe4 g6 22. Qf4 Bf5 23. Re5 Bxd3 24. Rxd3 Rxe5 
25. Qxe5 Rc8 26. Rxd4 Qxa2 27. Rd7 Qxb3 28. Qd5 Qb1+ 29. Kh2 Qb8+ 30. g3 Rf8 
31. Rd6 Qb2 32. Kg2 Qc2 33. Qxc5 Qe4+ 34. Kh2 Rb8 35. Qxa7 Rb2 36. Rd8+ Kg7 
37. Qc5 Kh7 38. Rd1 Rc2 39. Qd4 Rxc4 40. Qf6 Qe8 41. Rd8 Rc6 42. Qd4 1-0

[Event "2. Bundesliga West 2012/13"]
[Site "Salzburg"]
[Date "2013.03.10"]
[Round "11"]
[Board "2"]
[White "Deglmann, Ludwig"]
[Black "Krstic, Uros"]
[Result "0-1"]
[WhiteElo "2323"]
[BlackElo "2466"]
[PlyCount "144"]
[EventDate "2012.10.05"]
[EventType "team"]
[EventRounds "11"]
[EventCountry "AUT"]
[WhiteTeam "Schwaz"]
[BlackTeam "Schwarzach"]

1. d4 Nf6 2. c4 g6 3. Nc3 Bg7 4. e4 d6 5. f3 O-O 6. Be3 c5 
7. Nge2 Nc6 8. d5 Ne5 9. Ng3 e6 10. Be2 exd5 11. cxd5 a6 12. a4 h5 
13. O-O Nh7 14. Qd2 h4 15. Nh1 f5 16. Nf2 Rb8 17. Kh1 Re8 18. Rg1 Qe7 
19. Rge1 Nf7 20. exf5 gxf5 21. Bf1 Qf6 22. Nh3 Bd7 23. Bf2 Bh6 24. Rxe8+ Rxe8 
25. f4 Nf8 26. Re1 Rxe1 27. Qxe1 Ng6 28. g3 hxg3 29. hxg3 Qh8 30. Kg2 Bg7 
31. Qd1 Bxc3 32. bxc3 Qxc3 33. Qb1 Qb4 34. Qa1 Qe4+ 35. Kg1 Qxd5 36. Bg2 Qb3 
37. Qf6 Qe6 38. Qxe6 Bxe6 39. Bxb7 Bc4 40. Bc8 Ne7 41. Bd7 Bd5 42. g4 fxg4 
43. Bxg4 Nh6 44. Be2 c4 45. Be1 Nhf5 46. Kf2 Kf7 47. Ng5+ Ke8 48. Bc3 Kd7 
49. Nf3 Ng6 50. Nd2 Nxf4 51. Bxc4 Bxc4 52. Nxc4 Kc6 53. Bd2 Nd3+ 54. Ke2 Nc5 
55. Nb2 Ne7 56. Kd1 Nd5 57. Kc2 Nb6 58. a5 Nbd7 59. Nc4 Ne5 60. Na3 Kd5 
61. Be1 Nc4 62. Nb1 Nb7 63. Kb3 Ncxa5+ 64. Ka4 Nc6 65. Bg3 Nc5+ 66. Ka3 Ne4 
67. Bxd6 Kxd6 68. Ka4 Kc5 69. Kb3 Na5+ 70. Ka3 Nc4+ 71. Ka4 a5 72. Nd2 Nc3+ 
0-1

[Event "2. Bundesliga West 2012/13"]
[Site "Salzburg"]
[Date "2013.03.10"]
[Round "11"]
[Board "4"]
[White "Blaas, Hansjoerg"]
[Black "Hecht, Hans-Joachim"]
[Result "0-1"]
[WhiteElo "2259"]
[BlackElo "2357"]
[PlyCount "66"]
[EventDate "2012.10.05"]
[EventType "team"]
[EventRounds "11"]
[EventCountry "AUT"]
[WhiteTeam "Schwaz"]
[BlackTeam "Schwarzach"]

1. e4 e5 2. Bc4 Nf6 3. d4 exd4 4. Nf3 Nc6 5. O-O Nxe4 6. Re1 d5 
7. Bxd5 Qxd5 8. Nc3 Qa5 9. Nxe4 Be6 10. Neg5 O-O-O 11. Nxe6 fxe6 12. Rxe6 Bd6 
13. Qe2 Rdf8 14. Bd2 Qf5 15. Qe4 Qxe4 16. Rxe4 Bc5 17. a3 a5 18. Ne5 Rf5 
19. Nd3 Bd6 20. Rae1 Kd7 21. f4 h5 22. g3 b6 23. Kg2 Rf7 24. Ne5+ Bxe5 
25. fxe5 Ke6 26. Bf4 Rd8 27. h3 Ne7 28. g4 hxg4 29. hxg4 Nd5 30. Bg5 Rdf8 
31. R1e2 c5 32. Bd2 a4 33. c3 d3 0-1

[Event "2. Bundesliga West 2012/13"]
[Site "Salzburg"]
[Date "2013.03.10"]
[Round "11"]
[Board "5"]
[White "Ljubic, Juro"]
[Black "Gruber, Michael"]
[Result "1/2-1/2"]
[WhiteElo "2193"]
[BlackElo "2155"]
[PlyCount "89"]
[EventDate "2012.10.05"]
[EventType "team"]
[EventRounds "11"]
[EventCountry "AUT"]
[WhiteTeam "Schwarzach"]
[BlackTeam "Schwaz"]

1. e4 e5 2. Nf3 Nc6 3. d4 exd4 4. Bc4 Bc5 5. c3 Nf6 6. cxd4 Bb4+ 
7. Bd2 Nxe4 8. Bxb4 Nxb4 9. Bxf7+ Kxf7 10. Qb3+ Kf8 11. Qxb4+ Qe7 12. Qxe7+ Kxe7 
13. O-O Re8 14. Re1 Kf8 15. Nc3 Nxc3 16. Rxe8+ Kxe8 17. bxc3 d6 18. Rb1 Rb8 
19. d5 Bf5 20. Rb4 a5 21. Ra4 Ra8 22. Rf4 Bb1 23. a3 Ba2 24. Rd4 Kd7 
25. h4 Re8 26. g4 Bb1 27. Nd2 Bc2 28. Nc4 Re4 29. Nxa5 Rxd4 30. cxd4 Be4 
31. Nc4 Bxd5 32. Ne3 Be4 33. Kf1 c5 34. dxc5 dxc5 35. Ke2 b5 36. Nd1 b4 
37. axb4 cxb4 38. Ke3 Bc2 39. Nb2 Ke6 40. Kd4 h5 41. f3 g6 42. Kc4 b3 
43. Kd4 Kd6 44. Nc4+ Ke6 45. Nb2 1/2-1/2

[Event "2. Bundesliga West 2012/13"]
[Site "Salzburg"]
[Date "2013.03.10"]
[Round "11"]
[Board "6"]
[White "Streiter, Gerhard"]
[Black "Stoeckl, Norbert"]
[Result "0-1"]
[WhiteElo "2005"]
[BlackElo "2057"]
[PlyCount "78"]
[EventDate "2012.10.05"]
[EventType "team"]
[EventRounds "11"]
[EventCountry "AUT"]
[WhiteTeam "Schwaz"]
[BlackTeam "Schwarzach"]

1. e4 c5 2. Nf3 e6 3. d4 cxd4 4. Nxd4 a6 5. Bd3 Nc6 6. Nxc6 dxc6 
7. O-O e5 8. Nd2 Ne7 9. Qh5 Ng6 10. Nc4 Bc5 11. Nxe5 Qa5 12. Kh1 Bxf2 
13. Rxf2 Qxe5 14. Qxe5+ Nxe5 15. Bf4 Ng6 16. Bd6 Be6 17. c4 O-O-O 18. c5 f6 
19. Rd2 Ne5 20. b3 Rd7 21. Be2 Rhd8 22. Rad1 a5 23. Rd4 Nf7 24. Kg1 b5 
25. R1d2 Kb7 26. Kf2 Nxd6 27. Rxd6 Rxd6 28. cxd6 Kb6 29. Ke3 Kc5 30. d7 Rxd7 
31. Rc2+ Kb6 32. h4 c5 33. g4 Rd4 34. g5 a4 35. bxa4 Rxa4 36. gxf6 gxf6 
37. Rd2 Kc6 38. Bf3 Kc7 39. Be2 b4 0-1

[Event "2. Bundesliga West 2012/13"]
[Site "Salzburg"]
[Date "2013.03.10"]
[Round "11"]
[Board "1"]
[White "Graf, Felix"]
[Black "Lanka, Zigurds"]
[Result "1-0"]
[WhiteElo "2394"]
[BlackElo "2422"]
[PlyCount "121"]
[EventDate "2012.10.05"]
[EventType "team"]
[EventRounds "11"]
[EventCountry "AUT"]
[WhiteTeam "Bregenz"]
[BlackTeam "Zillertal"]

1. d4 Nf6 2. Nf3 e6 3. e3 c5 4. Bd3 b6 5. O-O Bb7 6. c4 g6 
7. Nbd2 Bg7 8. b4 d6 9. Qb3 O-O 10. Bb2 cxb4 11. Qxb4 Nc6 12. Qa3 d5 
13. Rfc1 dxc4 14. Nxc4 Ne7 15. Nce5 a6 16. Qb3 Bd5 17. Qd1 Qb8 18. a4 Qb7 
19. Ba3 Rfc8 20. Bxe7 Rxc1 21. Rxc1 Qxe7 22. Ng5 Nd7 23. Ngxf7 Nxe5 24. Nxe5 Bxe5 
25. dxe5 Qg5 26. Qf1 Qxe5 27. Bxa6 h5 28. h3 Kg7 29. Rc8 Rxc8 30. Bxc8 h4 
31. Ba6 Kh6 32. Qb1 g5 33. Bf1 Qe4 34. Qa1 Kg6 35. Kh2 Qc2 36. Kg1 Qe4 
37. Qa3 Qb1 38. Qc3 Qd1 39. f3 Qb1 40. Kf2 Qa2+ 41. Kg1 Qb1 42. Kf2 Qa2+ 
43. Be2 Qxa4 44. Bd3+ Kf7 45. Qc7+ Kf6 46. Qd8+ Kf7 47. Qxg5 Qa2+ 48. Kg1 Qa1+ 
49. Kh2 Qf6 50. Qh5+ Ke7 51. f4 Kd6 52. Qg5 Qxg5 53. fxg5 e5 54. g3 e4 
55. Be2 hxg3+ 56. Kxg3 Ke5 57. h4 Kf5 58. Bg4+ Ke5 59. h5 Bg8 60. Bd7 Kd6 
61. Be8 1-0

[Event "2. Bundesliga West 2012/13"]
[Site "Salzburg"]
[Date "2013.03.10"]
[Round "11"]
[Board "2"]
[White "Kleissl, Helmut"]
[Black "Weindl, Alfred"]
[Result "1/2-1/2"]
[WhiteElo "2290"]
[BlackElo "2329"]
[PlyCount "37"]
[EventDate "2012.10.05"]
[EventType "team"]
[EventRounds "11"]
[EventCountry "AUT"]
[WhiteTeam "Zillertal"]
[BlackTeam "Bregenz"]

1. Nf3 Nf6 2. c4 g6 3. g3 Bg7 4. Bg2 O-O 5. O-O d6 6. d4 Nbd7 
7. Nc3 e5 8. e4 c6 9. Rb1 a5 10. b3 Re8 11. h3 exd4 12. Nxd4 Nc5 
13. Re1 Qb6 14. Be3 Qb4 15. Bd2 Qb6 16. Be3 Qb4 17. Bd2 Qb6 18. Be3 Qb4 
19. Bd2 1/2-1/2

[Event "2. Bundesliga West 2012/13"]
[Site "Salzburg"]
[Date "2013.03.10"]
[Round "11"]
[Board "3"]
[White "Dobosz, Henryk"]
[Black "Platzgummer, Fabian"]
[Result "1/2-1/2"]
[WhiteElo "2385"]
[BlackElo "2311"]
[PlyCount "55"]
[EventDate "2012.10.05"]
[EventType "team"]
[EventRounds "11"]
[EventCountry "AUT"]
[WhiteTeam "Bregenz"]
[BlackTeam "Zillertal"]

1. d4 d5 2. Nf3 Nf6 3. c4 dxc4 4. e3 Be6 5. Na3 c5 6. Bxc4 Bxc4 
7. Nxc4 cxd4 8. Qxd4 Nc6 9. Qxd8+ Rxd8 10. Ke2 Ne4 11. Bd2 Nxd2 12. Ncxd2 e6 
13. Rhd1 Bd6 14. Ne4 Ke7 15. Nxd6 Rxd6 16. Rxd6 Kxd6 17. Rd1+ Ke7 18. Nd4 Nxd4+ 
19. Rxd4 Rc8 20. Kd2 h5 21. h4 g6 22. Ra4 a6 23. Rb4 Rc7 24. a4 Kd6 
25. Kd3 Ke7 26. Kd2 Kd6 27. Kd3 Ke7 28. Kd2 1/2-1/2

[Event "2. Bundesliga West 2012/13"]
[Site "Salzburg"]
[Date "2013.03.10"]
[Round "11"]
[Board "5"]
[White "Poettinger, Harald"]
[Black "Schiestl, Josef"]
[Result "1-0"]
[WhiteElo "2238"]
[BlackElo "2115"]
[PlyCount "163"]
[EventDate "2012.10.05"]
[EventType "team"]
[EventRounds "11"]
[EventCountry "AUT"]
[WhiteTeam "Bregenz"]
[BlackTeam "Zillertal"]

1. c4 Nf6 2. g3 g6 3. Bg2 Bg7 4. Nc3 O-O 5. d4 d6 6. Nf3 Nc6 
7. O-O a6 8. Qd3 Bg4 9. d5 Bxf3 10. exf3 Ne5 11. Qe2 c5 12. f4 Ned7 
13. a4 Qc7 14. Qd3 Rad8 15. Bd2 Rfe8 16. Rae1 Nf8 17. f5 Ng4 18. b3 Nh6 
19. fxg6 hxg6 20. Bh3 Nd7 21. f4 f5 22. Bg2 Nf8 23. h3 Qd7 24. Re2 Kh7 
25. Rfe1 e5 26. dxe6 Rxe6 27. Bd5 Rxe2 28. Qxe2 Ng8 29. g4 Nf6 30. g5 Re8 
31. Qf3 Rxe1+ 32. Bxe1 Nxd5 33. Nxd5 Ne6 34. Bc3 Nd4 35. Bxd4 Bxd4+ 36. Kf1 b5 
37. axb5 axb5 38. Qe2 bxc4 39. bxc4 Kg7 40. Qe7+ Qxe7 41. Nxe7 Kf7 42. Nd5 Ke6 
43. Ke2 Bg1 44. Kd3 Bf2 45. Kd2 Kf7 46. Kc2 Ke6 47. Kb3 Be1 48. Ka4 Bd2 
49. Kb5 Kd7 50. Kb6 Bc1 51. Kb5 Bd2 52. Ka6 Bc1 53. Kb6 Bd2 54. Kb5 Bc1 
55. Ka4 Bd2 56. Kb3 Ke6 57. Kc2 Be1 58. Kd1 Bf2 59. Ke2 Bd4 60. Kf3 Bb2 
61. Kg3 Bc1 62. Kf3 Bd2 63. Ke2 Ba5 64. Kd1 Bd8 65. Kc2 Ba5 66. Ne3 Be1 
67. Nd5 Bf2 68. Kb3 Be1 69. Ka4 Bd2 70. Kb5 Bc1 71. Kc6 Bd2 72. Kc7 Ba5+ 
73. Kc8 Bd2 74. Kd8 Kf7 75. Kd7 Be1 76. Kxd6 Bf2 77. Nc7 Bg1 78. Ne6 Be3 
79. Ke5 Bf2 80. h4 Bxh4 81. Nxc5 Ke7 82. Nd3 1-0

[Event "2. Bundesliga West 2012/13"]
[Site "Salzburg"]
[Date "2013.03.10"]
[Round "11"]
[Board "1"]
[White "Breder, Dennis"]
[Black "Koepke, Christian"]
[Result "1/2-1/2"]
[WhiteElo "2438"]
[BlackElo "2364"]
[PlyCount "59"]
[EventDate "2012.10.05"]
[EventType "team"]
[EventRounds "11"]
[EventCountry "AUT"]
[WhiteTeam "Hohenems II"]
[BlackTeam "Kufstein / Woergl"]

1. e4 c5 2. Nf3 d6 3. d4 cxd4 4. Nxd4 Nf6 5. f3 Nc6 6. c4 g6 
7. Nc3 Bg7 8. Be3 O-O 9. Qd2 Nxd4 10. Bxd4 Bd7 11. Be2 a5 12. b3 Bc6 
13. O-O Nd7 14. Bf2 Nc5 15. Rab1 e6 16. Rfd1 Be5 17. Nb5 Bxb5 18. cxb5 Qe7 
19. Qe3 Qf6 20. g3 g5 21. Rbc1 b6 22. Rc2 Rad8 23. Qc1 Kh8 24. Rcd2 Rc8 
25. Qb1 Qg6 26. Bd4 h5 27. Bxe5+ dxe5 28. Rd6 Rb8 29. Qc2 Rfc8 30. Rc6 1/2-1/2

[Event "2. Bundesliga West 2012/13"]
[Site "Salzburg"]
[Date "2013.03.10"]
[Round "11"]
[Board "2"]
[White "Bertagnolli, Alexander"]
[Black "Baldauf, Marco"]
[Result "0-1"]
[WhiteElo "2352"]
[BlackElo "2376"]
[PlyCount "48"]
[EventDate "2012.10.05"]
[EventType "team"]
[EventRounds "11"]
[EventCountry "AUT"]
[WhiteTeam "Kufstein / Woergl"]
[BlackTeam "Hohenems II"]

1. e4 e5 2. f4 Bc5 3. Nf3 d6 4. Nc3 Nc6 5. Na4 Bg4 6. Bb5 Bb6 
7. Nxb6 axb6 8. O-O Nf6 9. h3 Bxf3 10. Qxf3 O-O 11. c3 d5 12. fxe5 Nxe5 
13. Qf5 Ng6 14. e5 Ne4 15. Re1 Qh4 16. Re3 c6 17. Bf1 Rae8 18. d4 f6 
19. e6 Ne7 20. Qg4 Qf2+ 21. Kh2 Qxf1 22. Rxe4 f5 23. Qg3 fxe4 24. Bh6 Qf6 
0-1

[Event "2. Bundesliga West 2012/13"]
[Site "Salzburg"]
[Date "2013.03.10"]
[Round "11"]
[Board "3"]
[White "Atlas, Dmitry"]
[Black "Berchtenbreiter, Maximilian"]
[Result "0-1"]
[WhiteElo "2255"]
[BlackElo "2336"]
[PlyCount "154"]
[EventDate "2012.10.05"]
[EventType "team"]
[EventRounds "11"]
[EventCountry "AUT"]
[WhiteTeam "Hohenems II"]
[BlackTeam "Kufstein / Woergl"]

1. e4 c6 2. d4 d5 3. e5 g6 4. c4 Be6 5. Na3 Na6 6. Nf3 dxc4 
7. Ng5 Bd5 8. e6 f6 9. Nf7 Qc8 10. Nxh8 b5 11. b3 cxb3 12. axb3 Nc7 
13. Bd3 Qxe6+ 14. Qe2 f5 15. Bf4 Qxe2+ 16. Kxe2 Ne6 17. Be5 Bg7 18. Bxg7 Nxg7 
19. Bxb5 cxb5 20. Nxb5 Ne6 21. Rhc1 a6 22. b4 Kf8 23. Nc7 Nxc7 24. Rxc7 Nf6 
25. b5 Ne8 26. Rc5 axb5 27. Rxa8 Bxa8 28. Rxb5 Bxg2 29. f3 Nf6 30. Kf2 Bh3 
31. Kg3 Bf1 32. Rb8+ Kg7 33. Kf4 Bc4 34. Rd8 Bg8 35. Nxg6 hxg6 36. Ra8 Bd5 
37. Ra7 Kf7 38. Ra3 Nd7 39. Ra5 Nf6 40. Ra3 Ne8 41. Ke5 Bb7 42. d5 Nf6 
43. Rd3 Bxd5 44. h4 Bc6 45. Rc3 Nd7+ 46. Kf4 Bd5 47. h5 Kf6 48. hxg6 e5+ 
49. Ke3 f4+ 50. Kf2 Kxg6 51. Rc7 Nf6 52. Rc5 Kf5 53. Ra5 Bf7 54. Ra7 Bh5 
55. Re7 e4 56. fxe4+ Nxe4+ 57. Kf1 f3 58. Rh7 Kf4 59. Ra7 Bg4 60. Ra2 Be6 
61. Rb2 Ke3 62. Ke1 f2+ 63. Rxf2 Nxf2 64. Kf1 Ne4 65. Ke1 Bb3 66. Kf1 Kf3 
67. Ke1 Ke3 68. Kf1 Bd5 69. Ke1 Nc3 70. Kf1 Ne2 71. Ke1 Bb3 72. Kf1 Nf4 
73. Ke1 Ng2+ 74. Kf1 Kf3 75. Kg1 Kg3 76. Kf1 Bc4+ 77. Kg1 Nf4 0-1

[Event "2. Bundesliga West 2012/13"]
[Site "Salzburg"]
[Date "2013.03.10"]
[Round "11"]
[Board "4"]
[White "Neuschmied, Siegfried"]
[Black "Kessler, Luca"]
[Result "1/2-1/2"]
[WhiteElo "2239"]
[BlackElo "2242"]
[PlyCount "132"]
[EventDate "2012.10.05"]
[EventType "team"]
[EventRounds "11"]
[EventCountry "AUT"]
[WhiteTeam "Kufstein / Woergl"]
[BlackTeam "Hohenems II"]

1. e4 e5 2. Nf3 Nc6 3. Bb5 a6 4. Ba4 Nf6 5. O-O Be7 6. Re1 b5 
7. Bb3 O-O 8. d3 d6 9. c3 Na5 10. Bc2 c5 11. Nbd2 Nc6 12. Nf1 Re8 
13. Ng3 h6 14. h3 Bf8 15. Qe2 Be6 16. Nh2 d5 17. f4 exf4 18. Bxf4 dxe4 
19. dxe4 Bc4 20. Qf2 Ne5 21. Red1 Qc7 22. b3 Be6 23. Nf3 Nxf3+ 24. Qxf3 Qc6 
25. Bxh6 gxh6 26. Qxf6 Bg7 27. Qf4 c4 28. Kh1 cxb3 29. Bxb3 Qxc3 30. Rac1 Qe5 
31. Qf3 Rac8 32. Rf1 Rxc1 33. Rxc1 a5 34. Rf1 Bxb3 35. axb3 Qe6 36. Nf5 a4 
37. bxa4 bxa4 38. Qg3 Qg6 39. Qa3 Qa6 40. Rf3 Rxe4 41. Nxg7 Kxg7 42. Rg3+ Kf6 
43. Qf3+ Ke5 44. Qxf7 Qf6 45. Qe8+ Kd5 46. Qa8+ Ke5 47. Qa5+ Ke6 48. Qb6+ Ke5 
49. Qc5+ Ke6 50. Qc8+ Kd5 51. Qd7+ Kc5 52. Qc7+ Kd5 53. Qa5+ Ke6 54. Qb6+ Ke5 
55. Qb2+ Ke6 56. Qa2+ Kd6 57. Rd3+ Rd4 58. Qa3+ Kd5 59. Qa2+ Kd6 60. Qa3+ Kd5 
61. Qa2+ Kd6 62. Qe2 Rxd3 63. Qxd3+ Kc5 64. Qc2+ Kb4 65. Qb1+ Ka3 66. Qd3+ Kb4 
1/2-1/2

[Event "2. Bundesliga West 2012/13"]
[Site "Salzburg"]
[Date "2013.03.10"]
[Round "11"]
[Board "5"]
[White "Burschowsky, Matthias"]
[Black "Rusche, Johannes"]
[Result "0-1"]
[WhiteElo "2234"]
[BlackElo "2220"]
[PlyCount "72"]
[EventDate "2012.10.05"]
[EventType "team"]
[EventRounds "11"]
[EventCountry "AUT"]
[WhiteTeam "Hohenems II"]
[BlackTeam "Kufstein / Woergl"]

1. c4 Nf6 2. g3 e6 3. Bg2 d5 4. d4 dxc4 5. Qa4+ Nbd7 6. Nf3 a6 
7. Qxc4 b5 8. Qc2 Bb7 9. Bg5 c5 10. O-O Rc8 11. Qd2 Be7 12. dxc5 Bxc5 
13. Nc3 O-O 14. a3 Qb6 15. e3 h6 16. Bxf6 Nxf6 17. b4 Be7 18. Rac1 a5 
19. bxa5 Qxa5 20. Nd5 Qxa3 21. Nxe7+ Qxe7 22. Rb1 Rfd8 23. Qa5 Be4 24. Rb2 Ra8 
25. Qb4 Qb7 26. Nh4 Bxg2 27. Nxg2 Rab8 28. Rfb1 Nd5 29. Qd4 Qc7 30. Ra1 e5 
31. Qg4 b4 32. e4 Qc3 33. Rbb1 Nf6 34. Qf5 b3 35. Re1 b2 36. Rab1 Ra8 
0-1

[Event "2. Bundesliga West 2012/13"]
[Site "Salzburg"]
[Date "2013.03.10"]
[Round "11"]
[Board "6"]
[White "Steinbacher, Thomas"]
[Black "Sandholzer, Robert"]
[Result "1/2-1/2"]
[WhiteElo "2072"]
[BlackElo "2155"]
[PlyCount "60"]
[EventDate "2012.10.05"]
[EventType "team"]
[EventRounds "11"]
[EventCountry "AUT"]
[WhiteTeam "Kufstein / Woergl"]
[BlackTeam "Hohenems II"]

1. d4 d5 2. Nc3 c6 3. e4 dxe4 4. Nxe4 Bf5 5. Ng3 Bg6 6. Bc4 e6 
7. N1e2 Bd6 8. O-O Qc7 9. f4 Ne7 10. Nc3 Nd7 11. Nce4 O-O 12. Bd3 c5 
13. Nxd6 Qxd6 14. Bxg6 hxg6 15. Be3 Qc7 16. Qe2 Nd5 17. dxc5 Nxe3 18. Qxe3 Qxc5 
19. Qxc5 Nxc5 20. Rfd1 Rfd8 21. Kf2 Kf8 22. Ke3 Ke7 23. c4 Rac8 24. Ne2 Rc7 
25. Rxd8 Kxd8 26. Rd1+ Ke7 27. Nc3 Nd7 28. b3 a6 29. Ne4 Nf6 30. Nxf6 gxf6 
1/2-1/2

[Event "2. Bundesliga West 2012/13"]
[Site "Salzburg"]
[Date "2013.03.10"]
[Round "11"]
[Board "1"]
[White "Schmidt, Georg"]
[Black "Medvegy, Zoltan"]
[Result "1-0"]
[WhiteElo "2347"]
[BlackElo "2555"]
[PlyCount "91"]
[EventDate "2012.10.05"]
[EventType "team"]
[EventRounds "11"]
[EventCountry "AUT"]
[WhiteTeam "Mozart-Wals-Treuhand"]
[BlackTeam "ATSV Ranshofen"]

1. e4 c5 2. Nf3 e6 3. c4 Nc6 4. Nc3 Nd4 5. d3 Ne7 6. g3 g6 
7. Bg2 Bg7 8. O-O O-O 9. Rb1 b6 10. Nxd4 cxd4 11. Ne2 Bb7 12. b3 d6 
13. g4 Qd7 14. f4 f5 15. Ng3 fxe4 16. Nxe4 d5 17. Ng3 Rf7 18. Qe2 Raf8 
19. Bd2 Bc8 20. Rbe1 Qd6 21. Bc1 Bd7 22. a4 a6 23. Qa2 Bc6 24. Ba3 Qd7 
25. Qe2 dxc4 26. Qxe6 Qxe6 27. Rxe6 Bxg2 28. Kxg2 Nd5 29. Bxf8 Bxf8 30. bxc4 Nxf4+ 
31. Rxf4 Rxf4 32. h3 b5 33. axb5 axb5 34. cxb5 Rf7 35. Ne4 Rb7 36. b6 Bb4 
37. Rc6 Ba5 38. Nf6+ Kf7 39. Nd5 Ke8 40. Kf3 Kd7 41. Rc7+ Rxc7 42. bxc7 Be1 
43. Ke4 Bf2 44. Nf6+ Kxc7 45. Nxh7 Kd6 46. Nf8 1-0

[Event "2. Bundesliga West 2012/13"]
[Site "Salzburg"]
[Date "2013.03.10"]
[Round "11"]
[Board "3"]
[White "Hanel, Reinhard"]
[Black "Konnyu, Janos"]
[Result "0-1"]
[WhiteElo "2286"]
[BlackElo "2352"]
[PlyCount "76"]
[EventDate "2012.10.05"]
[EventType "team"]
[EventRounds "11"]
[EventCountry "AUT"]
[WhiteTeam "Mozart-Wals-Treuhand"]
[BlackTeam "ATSV Ranshofen"]

1. c4 Nf6 2. Nf3 g6 3. g3 Bg7 4. Bg2 d6 5. d4 O-O 6. O-O Nbd7 
7. Nc3 e5 8. h3 c6 9. e4 Qb6 10. Re1 exd4 11. Nxd4 Ng4 12. Nce2 Nge5 
13. b3 Nc5 14. Be3 a5 15. Rb1 Re8 16. Qc2 Ned3 17. Red1 Nb4 18. Qd2 Nxe4 
19. Bxe4 Rxe4 20. a3 Na6 21. Nf5 Rxe3 22. Qxe3 Qxe3 23. Nxe3 Bf8 24. Kh2 Nc5 
25. Nf4 Ne4 26. Rb2 Bg7 27. Rc2 Be5 28. Nd3 Bd4 29. Re1 Ng5 30. Ree2 Nxh3 
31. Nd5 cxd5 32. Re8+ Kg7 33. cxd5 Bf5 34. Rxa8 Bxd3 35. Rc7 Nxf2 36. Rxb7 Ng4+ 
37. Kh3 h5 38. Rxa5 Bf1+ 0-1

[Event "2. Bundesliga West 2012/13"]
[Site "Salzburg"]
[Date "2013.03.10"]
[Round "11"]
[Board "4"]
[White "Dovzik, Juri"]
[Black "Opl, Klaus"]
[Result "1/2-1/2"]
[WhiteElo "2346"]
[BlackElo "2318"]
[PlyCount "78"]
[EventDate "2012.10.05"]
[EventType "team"]
[EventRounds "11"]
[EventCountry "AUT"]
[WhiteTeam "ATSV Ranshofen"]
[BlackTeam "Mozart-Wals-Treuhand"]

1. d4 Nf6 2. Nf3 e6 3. c4 b6 4. g3 Ba6 5. Nbd2 Bb4 6. Qc2 O-O 
7. Bg2 d5 8. O-O Bb7 9. Rd1 Be7 10. b3 Na6 11. cxd5 Nb4 12. Qb1 exd5 
13. a3 Nc6 14. Bb2 Re8 15. e3 a5 16. Qc2 Bd6 17. Rac1 Qe7 18. Ne5 Nd8 
19. Qb1 c5 20. Qa1 Ne6 21. Re1 a4 22. bxa4 Rxa4 23. Nb1 c4 24. Nc3 Ra5 
25. Qb1 Bxa3 26. e4 Bxb2 27. Qxb2 dxe4 28. Nxc4 Raa8 29. Nxe4 Nxe4 30. Bxe4 Ng5 
31. Bxh7+ Kxh7 32. Rxe7 Nf3+ 33. Kf1 Nxh2+ 34. Kg1 Nf3+ 35. Kf1 Nh2+ 36. Kg1 Nf3+ 
37. Kf1 Nh2+ 38. Ke2 Rxe7+ 39. Ne5 f6 1/2-1/2

[Event "2. Bundesliga West 2012/13"]
[Site "Salzburg"]
[Date "2013.03.10"]
[Round "11"]
[Board "5"]
[White "Peterwagner, Heinz"]
[Black "Ager, Josef"]
[Result "1/2-1/2"]
[WhiteElo "2129"]
[BlackElo "2170"]
[PlyCount "24"]
[EventDate "2012.10.05"]
[EventType "team"]
[EventRounds "11"]
[EventCountry "AUT"]
[WhiteTeam "Mozart-Wals-Treuhand"]
[BlackTeam "ATSV Ranshofen"]

1. e4 g6 2. d4 Bg7 3. Nc3 c6 4. Be3 d5 5. Qd2 dxe4 6. Nxe4 Nd7 
7. Nf3 Ngf6 8. Nxf6+ Nxf6 9. Bc4 Ne4 10. Qd1 Nf6 11. Qd2 Ne4 12. Qd1 Nf6 
1/2-1/2

[Event "2. Bundesliga West 2012/13"]
[Site "Salzburg"]
[Date "2013.03.10"]
[Round "11"]
[Board "6"]
[White "Riediger, Martin"]
[Black "Hicker, Harald"]
[Result "1-0"]
[WhiteElo "2271"]
[BlackElo "2107"]
[PlyCount "91"]
[EventDate "2012.10.05"]
[EventType "team"]
[EventRounds "11"]
[EventCountry "AUT"]
[WhiteTeam "ATSV Ranshofen"]
[BlackTeam "Mozart-Wals-Treuhand"]

1. c4 c5 2. g3 Nc6 3. Bg2 g6 4. Nc3 Bg7 5. Nf3 Nf6 6. O-O O-O 
7. d4 cxd4 8. Nxd4 Nxd4 9. Qxd4 d6 10. Qd3 a6 11. Be3 Qc7 12. b3 Bd7 
13. Bd4 Bc6 14. Bxc6 bxc6 15. Rad1 Nd7 16. Bxg7 Kxg7 17. Qd4+ Kg8 18. Qh4 Nf6 
19. Qh6 Qa5 20. Rd3 Qh5 21. Qxh5 Nxh5 22. e4 Ng7 23. Na4 Ne6 24. c5 dxc5 
25. Rc1 Rfd8 26. Rxd8+ Rxd8 27. Nxc5 Nd4 28. Kf1 a5 29. Rd1 e5 30. Rc1 f5 
31. Nb7 Ra8 32. exf5 gxf5 33. Rc4 Ra7 34. Nd8 Ra6 35. f4 c5 36. fxe5 Nf3 
37. Rxc5 Nxh2+ 38. Ke2 a4 39. b4 Ng4 40. Nc6 Kf7 41. b5 Rb6 42. Nd4 Rh6 
43. Rc7+ Ke8 44. e6 Rh2+ 45. Kd3 Rxa2 46. Nc6 1-0